00975cam a2200301 i 45000010008000000030009000080050017000170070008000340080039000420150006000810170009000870200015000960350006001110400025001170800006001420820021001481000032001692450092002012600034002933000020003275000056003475000068004035860037004716000075005086500021005836500023006046500046006270000517DO-SdBNP20171211120254.00000517100514s2005 ck | g||| 000 f fpspa a  a b  a9587042662 a  aBPMSUbspacBPMSUe  a  aPe864.44bV297te1 aVargas Llosa, Mario,d1936-13aLa tentación de lo imposible:bVictor Hugo y Los miserables /h cMario Vargas Llosa  aColombia :bAlfaguara,c2005. a223 p.: c23 cm aIncluye datos biográficos del autor en la solapa. aLa biblioteca posee la primera reimpresión de julio del 2005. aPremio Nobel de literatura 2010. aHUGO, VICTOR,d1802-1885tLOS MISERABLESxCRÍTICA E INTERPRETACIÓN aENSAYOS PERUANOS aLITERATURA PERUANA aLITERATURA FRANCESAxHISTORIA Y CRÍTICA